000 00308nam a22001337a 4500
008 170926b xxu||||| |||| 00| 0 eng d
020 _a9780838441169
041 _aeng
080 _a37
100 _a46
101 _aEDU
245 _aCOLLABORATIONS ENGLISH IN OUR LIVES
_cHUIZENGA.J
942 _2udc
_cBK
999 _c30039
_d30039